Cómo se escribe una vida : ensayos sobre biografía, autobiografía y otras aficiones literarias /

Detalles Bibliográficos
Formato: Libro
Lenguaje:inglés
Publicado: Buenos Aires La Bestia Equilátera 2011
Acceso en línea:

MARC

LEADER 00000cam a2200000 a 4500
001 033868
003 UAHC_CL
005 20170803123658.0
008 120904b xx j 000 1 eng
020 |a 9789871739165 
040 |a UAHC_CL  |c UAHC_CL  |d UAHC_CL 
245 1 0 |a Cómo se escribe una vida :  |b ensayos sobre biografía, autobiografía y otras aficiones literarias /  |c Michael Holroyd. 
260 |b La Bestia Equilátera  |a Buenos Aires  |c 2011 
300 |a 312 p. 
900 |a FONDECYT 
942 |c BK 
952 |0 0  |1 0  |4 0  |6 FONDECYT  |7 0  |8 General  |9 64675  |a BC  |b BC  |c General  |d 2017-08-03  |l 0  |m 3  |o FONDECYT  |p 1405501  |q 2018-01-11  |r 2017-08-03 00:00:00  |t 1  |w 2017-08-03  |y BK 
999 |c 33868  |d 33868